UBT Library

Informatika : (Record no. 39)

000 -LEADER
fixed length control field 00585nam a22001817a 4500
008 - FIXED-LENGTH DATA ELEMENTS--GENERAL INFORMATION
fixed length control field 131007b xxu||||| |||| 00| 0 alb d
041 1# - LANGUAGE CODE
Language code of text/sound track or separate title alb
080 ## - UNIVERSAL DECIMAL CLASSIFICATION NUMBER
Universal Decimal Classification number 004.3
Common auxiliary subdivision (075.8)
100 1# - Rafti
Rafti Ruseti, Bashkim
245 10 - TITLE STATEMENT
Title Informatika :
Statement of responsibility, etc Bashkim Ruseti
260 ## -
-- Tiranë :
-- Grand Prind,
-- 2010
300 ## -
-- 160 f. :
-- me il. ;
-- 29 cm
500 ## -
-- Parathënie : f. I
650 #0 -
-- Kompjuterët
-- Tekste universitare
650 #0 -
-- Sistemet e ruajtjes dhe të kërkimit të informacionit
-- Tekste universitare
700 1# -
-- Sevrani, Kozeta
942 ## - ADDED ENTRY ELEMENTS (KOHA)
Source of classification or shelving scheme
Item type Books
Holdings
Withdrawn status Lost status Source of classification or shelving scheme Damaged status Not for loan Collection code Permanent location Current location Shelving location Date acquired Total Checkouts Full call number Barcode Date last seen Price effective from Koha item type
          Koleksioni i përgjithshem UBT - Prishtine UBT - Prishtine Koleksioni i përgjithshem 10/07/2013   004.3 (075.8) RUS 001-000024 10/07/2013 10/07/2013 Books
          Koleksioni i përgjithshem UBT - Prishtine UBT - Prishtine Koleksioni i përgjithshem 10/07/2013   004.3 (075.8) RUS 001-000025 10/07/2013 10/07/2013 Books
          Koleksioni i përgjithshem UBT - Prishtine UBT - Prishtine Koleksioni i përgjithshem 10/07/2013   004.3 (075.8) RUS 001-000026 10/07/2013 10/07/2013 Books
          Koleksioni i përgjithshem UBT - Prishtine UBT - Prishtine Koleksioni i përgjithshem 10/07/2013   004.3 (075.8) RUS 001-000027 10/07/2013 10/07/2013 Books
          Koleksioni i përgjithshem UBT - Prishtine UBT - Prishtine Koleksioni i përgjithshem 10/07/2013   004.3 (075.8) RUS 001-000028 10/07/2013 10/07/2013 Books
UBT Library © 2015-2024. All rights reserved University Education for Business and Technology